000 00556nam a2200157 a 4500
008 120416s1963 ||||||||||||||||| || u
050 _aHD 6960 Ive
100 _aIvens, Michael
245 1 4 _aThe practice of industrial communication
260 _aLondon
_bBusiness Publications
_c1963
300 _ax ; 332p. ill
350 _a0.00
650 _aINDUSTRY
650 _aINDUSTRIAL COMMUNICATIONS
995 _D0.00
_FCBU-MAIN LIBRARY (Kitwe)
_H1
_I0.00
_M1
_UAVAILABLE
_ZMain Library Open Access Collection
999 _c54320
_d54320